000 00591nam a2200241Ia 4500
003 0100
008 130303s9999 xx 000 0 und d
020 _a385482639
040 _cARRUPELIB
050 _aBT306.5.G751998
100 _aGirzone, Joseph F
245 2 _aA portrait of Jesus
250 _a1st.
260 _aNew York
260 _bDoubleday
260 _C1998
300 _a179p. 22cm
650 _bShame Pride and vanity affect(psychology)
650 _cself psychology Psychoanalytic theory
650 _dself concept
700 _aJoseph F Girzone
942 0 0 _02
999 _c14287
_d14287